000 01229nam a22003617a 4500
003 CHAP
005 20220329135605.0
008 971013s1994 r 00010 d
010 _a38957
011 _a39929
035 _a44054
040 _cCHAP
090 _aTesis
100 0 0 _aTapia Neri, Renato.
_9111643
245 _aEvaluación de variedades de cebolla (A. cepa L.) en Chapingo, México
260 _aChapingo, Méx. :
_bEl autor,
_c1994
300 _a102 h.
_b: gráfs.
502 _aTesis (Ing. Agr. Esp en Fitotecnia) -- UACH. Departamento de Fitotecnia
590 _aALEPH
_b10
_c20130110
_lUCH01
_h1305
590 _aBATCH-UPD
_b10
_c20130109
_lUCH01
_h2355
590 _aBATCH-UPD
_b10
_c20130110
_lUCH01
_h1544
590 _aBATCH-UPD
_b10
_c20130410
_lUCH01
_h0945
590 _aBATCH-UPD
_b10
_c20130914
_lUCH01
_h0905
590 _aCONVERSION
_b10
_c20130109
_lUCH01
_h1322
650 1 4 _aCebolla
_xMéxico (Edo.)
_920789
650 1 4 _aCebolla
_xRendimiento.
_920801
650 1 4 _aCebolla
_xVariedades.
_920807
650 1 4 _aTemperatura
_xEfecto en cebolla.
_9112187
901 _aBK
942 _cFOLL
949 _bBC
_cTES
_d-100804
_eTS1
_h27432
_i44054
_si
949 _bBC
_cTES
_d-100805
_eTS2
_fc.2
_h27433
_i44054
_si
999 _c38957
_d38957